000 00714nam a2200229Ia 4500
008 140110s9999 xx 000 0 und d
020 _a9788181439246
_cRs.495.00
040 _aLoreto College
041 _aEnglish
082 _a891.431/AGY-RIS
_bLCLIB/49024
100 _aRishikalp,Ramesh
245 _aAgyeya ki kavita
_bParampara aur prayog
_cRamesh Rishikalp
250 _a1st ed.
260 _aNew Delhi
_bVani Prakashan
_c2008
300 _a316p
_c22cm
504 _aIncludes bibliographical references
630 _aAgyeya-Criticism and interpretation
650 _aVatsyayan,Sachidanand Hiranand (Agyeya)
651 _aHindi poetry-Criticism and interpretation
850 _aLCLIB/
942 _cBK
999 _c37572
_d88051